Histoire de la Suisse

Збережено в:
Бібліографічні деталі
Автор: Gilliard, Charles (Автор)
Формат: Книга
Мова:Французька
Опубліковано: París, France: Presses Universitaires de France, 1944.
Серія:Que Sais-Je?,
Предмети:
Теги: Додати тег
Немає тегів, Будьте першим, хто поставить тег для цього запису!

MARC

LEADER 00000nam a2200000 a 4500
001 UCO2188
003 CL-VaPUC
005 20240411115709.0
008 000602e19440000FR |||||||||||||||||fre|d
999 |c 288727  |d 288725 
040 |c Pontificia Universidad Católica de Valparaíso 
082 0 4 |a 949.4 GIL 1944  |2 21 
100 0 |a Gilliard, Charles  |e author  |9 445124 
245 1 0 |a Histoire de la Suisse 
260 |a París, France:  |b Presses Universitaires de France,   |c 1944. 
300 |a 126 páginas.  
490 0 |a Que Sais-Je?,   |n  140. 
500 |a c.2 Donación Sr. Jorge López Santa María. MEMO DER Nº14 / 26-3-2024 
583 |a last modification  |c 20000602 00:00:00  |k Rodrigo Vera 
650 7 |a HISTORIA DE SUIZA  |2 CL-VaPUC  |9 445125 
650 7 |a ORIGENES  |2 CL-VaPUC  |9 367418 
650 0 |a Revoluciones  |9 255713 
650 7 |a CONSTITUCION 1848  |2 CL-VaPUC  |9 445126 
651 0 |a Suiza   |9 256768 
942 |c BK  |2 ddc 
945 |d 20000602 00:00:00  |a rherrera 
952 |0 0  |1 0  |4 0  |6 949_400000000000000_GIL_1944  |7 0  |8 X  |9 336628  |a BIBHIS  |b BIBHIS  |d 2019-11-20  |i 1283286  |o 949.4 GIL 1944  |p 1283286  |r 2024-01-30  |w 2019-11-20  |y BK_X  |k HIS 
952 |0 0  |1 0  |2 ddc  |4 0  |6 949_400000000000000_GIL_1944  |7 0  |8 A  |9 594012  |a BIBDER  |b BIBDER  |d 2024-04-09  |e Donación  |i 5660646  |o 949.4 GIL 1944  |p 5660646  |r 2024-04-09  |t 2  |w 2024-04-09  |y BK  |k DER